000 00287nam a22001337a 4500
008 170929b xxu||||| |||| 00| 0 eng d
020 _a9789200068355
041 _aeng
080 _218th
_a37
100 _a47
101 _aEDU
245 _aTHE BLUEBOOK
_cREVIEW,C.L
942 _2udc
_cBK
999 _c30720
_d30720